Veggietales - Statistics

General Stats
  • This quiz has been taken 121 times
  • The average score is 15 of 28
Answer Stats
Name Gender Veggtable etc. % Correct
Bob the Male Tomato
100%
Bob the Male Cucumber
100%
Larry the Male Cucumber
99%
Junior Male Asparagus
92%
Pa Male Grape
77%
Archibald Male Asparagus
72%
Jerry Male Gourd
70%
Ma Female Grape
70%
Jimmy Male Gourd
69%
Laura Female Carrot
67%
Lunt Mr Male Gourd
66%
Petunia Female Rhubarb
60%
Nezzer Mr Male Zucchini
57%
Qwerty the Robot Computer
57%
Goliath Male Giant Pickle
53%
Aunt Ruth the Female but has a beard Cucumber
52%
Tom Male Grape
45%
Khalil Male Half caterpillar, half worm
36%
Rosie Female Grape
35%
Steve the Male Cucumber
35%
Mr Male Asparagus
31%
Scooter Male Carrot
29%
Mark the Male Cucumber
27%
Mrs Female Asparagus
23%
The Peach Male Peach
18%
The Scallions Male Scallions
12%
Libby Female Asparagus
10%
The Peas Male and Female Peas
2%
No matching quizzes found
Score Distribution
Percent of People with Each Score
Percentile by Number Answered
Your Score History
You have not taken this quiz